Từ vựng học tiếng việt
Sách gồm bốn phần chính: dẫn luận, vấn đề nhận diện và phân loại các đơn vị từ vựng tiếng việt, cơ cấu ngữ nghĩa, sự hình thành, tồn tại và phát triển của từ vựng tiếng việt.
Na minha lista:
| Autor principal: | |
|---|---|
| Formato: | Livro |
| Idioma: | Undetermined |
| Publicado em: |
Hà Nội
Giáo dục
2003
|
| Assuntos: | |
| Tags: |
Adicionar Tag
Sem tags, seja o primeiro a adicionar uma tag!
|
| Thư viện lưu trữ: | Trung tâm Học liệu Trường Đại học Cần Thơ |
|---|
| LEADER | 00915nam a2200217Ia 4500 | ||
|---|---|---|---|
| 001 | CTU_110718 | ||
| 008 | 210402s9999 xx 000 0 und d | ||
| 020 | |c 17800 | ||
| 082 | |a 495.9225 | ||
| 082 | |b Gi109 | ||
| 100 | |a Nguyễn, Thiện Giáp | ||
| 245 | 0 | |a Từ vựng học tiếng việt | |
| 245 | 0 | |c Nguyễn Thiện Giáp | |
| 260 | |a Hà Nội | ||
| 260 | |b Giáo dục | ||
| 260 | |c 2003 | ||
| 520 | |a Sách gồm bốn phần chính: dẫn luận, vấn đề nhận diện và phân loại các đơn vị từ vựng tiếng việt, cơ cấu ngữ nghĩa, sự hình thành, tồn tại và phát triển của từ vựng tiếng việt. | ||
| 650 | |a Vietnamese language | ||
| 650 | |x Glossaries, vocabularies, etc | ||
| 904 | |i Hiếu (Trang sửa) | ||
| 980 | |a Trung tâm Học liệu Trường Đại học Cần Thơ | ||